000 00573nam a2200181 i 4500
001 23207
003 ES-MaACL
005 20251014063051.0
007 t|
008 021209s1892 sp ||||1| spa d
100 1 _aAlzola y Minondo, Pablo de,
_d1841-1912
_921064
245 1 3 _aEl arte industrial en España /
_cPablo de Alzola y Minondo.
260 _aBilbao :
_b[s.n.,
_c1892] (
_fImp. de la Casa de Misericordia)
300 _aXI, 550 p. ;
_c21 cm.
650 _aArtes decorativas-
_zEspaña.
_9174870
852 _aES-MaACL
_jF-10201
999 _c23207
_d23207